Концепт війни у романі Е. Р. Берроуза "The Fighting Men of Mars" (Запис № 281823)

МАРК-запис
000 -LEADER
fixed length control field 01407nam a22001577a 4500
041 ## - LANGUAGE CODE
Language code of text/sound track or separate title ukr
080 ## - UNIVERSAL DECIMAL CLASSIFICATION NUMBER
Universal Decimal Classification number 09
090 ## - LOCALLY ASSIGNED LC-TYPE CALL NUMBER (OCLC); LOCAL CALL NUMBER (OCLC)
Local cutter number (OCLC) ; Book number/undivided call number, CALL (RLIN) АБР
100 ## - MAIN ENTRY--PERSONAL NAME
Personal name Абросімов О. О.
245 ## - TITLE STATEMENT
Title Концепт війни у романі Е. Р. Берроуза "The Fighting Men of Mars"
260 ## - PUBLICATION, DISTRIBUTION, ETC. (IMPRINT)
Place of publication, distribution, etc Острог
Name of publisher, distributor, etc КАФ
Date of publication, distribution, etc 2003
300 ## - PHYSICAL DESCRIPTION
Extent 42
520 ## - SUMMARY, ETC.
Summary, etc Розділ 1. Лінгвістичний аналіз художніх текстів.<br/>1.1. Стилістичний аналіз художніх творів.<br/>1.2. Аналіз текстових категорій.<br/>1.3. Стилістичні особливості художніх текстів.<br/>Розділ 2. Когнітивний аспект мови художніх текстів.<br/>2.1. Національна картина світу.<br/>2.2. Мовна і художня картина світу.<br/>2.3. Концептуальна картина світу.<br/>Розділ 3. Лексико-семантичне поле війни у романі Едгара Берроуза "The Fighting Men of Mars".<br/>3.1. Семантичне групування лексики.<br/>3.2. Польовий підхід до групування лексики у романі Е.Р.Берроуза "The Fighting Men of Mars".
-- Художній текст, аналіз, когнітивний аспект.
650 ## - SUBJECT ADDED ENTRY--TOPICAL TERM
Topical term or geographic name as entry element Research Papers
942 ## - ADDED ENTRY ELEMENTS (KOHA)
Koha item type Книги
Фонди
Withdrawn status Lost status Source of classification or shelving scheme Damaged status Not for loan Home library Current library Date acquired Source of acquisition Coded location qualifier Cost, normal purchase price Total Checkouts Full call number Barcode Date last seen Price effective from Koha item type
    Universal Decimal Classification     ВІЛ - Відділ іноземн. літератури НБ ВІЛ - Відділ іноземн. літератури НБ 08/08/2005 Акт 03\01 В11 1.00   09 208753 20/12/2021 01/09/2003 Книги